Божествен размирник (Запис номер 186460)
[ съкратено ]
| 000 -Лидер | |
|---|---|
| Контролно поле с фиксирана дължина | 02226nam a2200337 c 4500 |
| 003 - Код на организацията, давaща контролен номер | |
| Контролно поле | BLK |
| 005 - Дата и час на последна редакция | |
| Контролно поле | 20250410114021.0 |
| 008 - Елементи от данни с фиксирана дължина | |
| fixed length control field | 180411b bul|||||r ||||||| ||bul|| |
| 010 ## - Наследен системен номер | |
| LC control number | KNG00195455000 |
| 040 ## - Източник на каталожния запис | |
| Идентификатор на билиотеката - собственик на записа | BLK |
| 041 ## - Код за език | |
| Код за езика на текст/звукозапис или на отделно заглавие | Български |
| Код за езика КДБФ | Български |
| 080 ## - УДК | |
| Текстов определител УДК | Българска литература |
| УДК код - определител по УДК | 821.163.2 |
| УДК определител | -8 |
| УДК - код + определител | 821.163.2-8 |
| 100 1# - Редна дума - Автор | |
| Автор | Михайловски, Стоян Николов |
| Автор - информация (биография) | Михайловский, Стоян, 1856-1927; Михайловски, Ст., 1856-1927; Михайловски, 1856-1927; Де Профундис, 1856-1927 (псевдоним); Истров, Драгостин, 1856-1927 (псевдоним); Муслак, Драгостин Истров, 1856-1927 (псевдоним); Розенберг, Викентий, 1856-1927 (псевдоним); Рязков, Евгений, 1856-1927 (псевдоним); Стрелков, Ст., 1856-1927 (псевдоним); De Profundis, 1856-1927 (псевдоним); X.y.z., 1856-1927 (псевдоним) |
| Дати, свързани с автора | 1856-1927 |
| R(LIN) | 97934 |
| 139 ## - Редно поле | |
| Редна дума | Михайловски, Стоян Николов |
| Авторски знак | Михаи - М 74 |
| 245 10 - Сведения за заглавието | |
| Заглавие | Божествен размирник |
| Подзаглавни данни | Филос. поезия и проза |
| Редно поле (дума) | Стоян Николов Михайловски; състав. и предг. от Атанас Василев Натев; ред. Румяна Койчева; ред. Йосиф Каменов; послесл. от Александър Динов Кьосев. |
| 257 ## - Страна на издаване | |
| Страна на създаване/издаване | България |
| 260 ## - Област на издателските данни | |
| -- | София |
| Име на издателя, разпространителя и проч. | Бълг. писател |
| Година на издаване | 1987 |
| 300 ## - Физическа характеристика | |
| Страници | 831 с. |
| Размери/Мащаб | 23 см |
| 380 ## - Жанр | |
| Жанр | Худож. лит. |
| 500 ## - Общи забележки | |
| Забележка | Съдържа и Речник на непознаните и малко употребими думи. - 3 112 тир. |
| 700 1# - Други автори (авторска отговорност) | |
| Лично име | Натев, Атанас Василев |
| Автороска отговорност (Описва отношението между автора и произведението) | състав. и предг. от |
| 9 (RLIN) | 374034 |
| 700 1# - Други автори (авторска отговорност) | |
| Лично име | Койчева, Румяна |
| Автороска отговорност (Описва отношението между автора и произведението) | ред. |
| 9 (RLIN) | 344110 |
| 700 1# - Други автори (авторска отговорност) | |
| Лично име | Каменов, Йосиф |
| Автороска отговорност (Описва отношението между автора и произведението) | ред. |
| 9 (RLIN) | 344111 |
| 700 1# - Други автори (авторска отговорност) | |
| Лично име | Кьосев, Александър Динов |
| 9 (RLIN) | 374026 |
| 852 ## - Местоположение | |
| Форматна сигнатура | Цб 147854 |
| 856 4# - Електронен адрес и достъп | |
| Електронен формат | pdf - файл |
| Път до файла /url/ | |
| 856 4# - Електронен адрес и достъп | |
| Електронен формат | pdf - файл |
| Път до файла /url/ | |
| 942 ## - АРТИКУЛИ | |
| Вид на библиотечния материал | Книги |
| Скрит в OPAC | Не |
| Koha issues (borrowed), all copies | 7 |
| 944 ## - СЪЗДАВАНЕ И РЕДАКЦИЯ на ЗАПИСА | |
| Създаване/Редакция | Създаване |
| Дата на регистрацията/редакция | 08.11.2016 |
| Служител, извършил регистрацията/редакцията | 30546 |
| Статус, дата на статуса | Ренета Константинова |
| 944 ## - СЪЗДАВАНЕ И РЕДАКЦИЯ на ЗАПИСА | |
| Създаване/Редакция | Редакция |
| Дата на регистрацията/редакция | 08.11.2016 |
| Служител, извършил регистрацията/редакцията | Елица_Владова |
| 999 ## - СИСТЕМНИ КОНТРОЛНИ НОМЕРА | |
| Koha biblionumber | 186460 |
| Koha biblioitemnumber | 186460 |
| Код за отписване | Код за изгубен артикул | Източник на класификационната схема | Код за повреда | Коз за рестрикции | Код за отдаване | Артикулен № | Име на библиотеката - собственик | Име на библиотеката, в която се намира в момента | Статус (Текущо местоположение) | Дата на вписване в системата | Местоположение - отдел | Цена в лева | Инвентарен номер | Систематично азбучна сигнатура | Баркод | Номер на екземпляра | Цена в евро | Служебна бележка | Служебен тип на артикула |
|---|---|---|---|---|---|---|---|---|---|---|---|---|---|---|---|---|---|---|---|
| Не е изгубен | Universal Decimal Classification | Не е повреден | без рестрикции | ползва се в читалня | 324640 | Регионална библиотека "Любен Каравелов" Русе | Регионална библиотека "Любен Каравелов" Русе | Хранилище | 1987-01-01 | Хранилище | 4.45 | 477105 | Цб 147854 | 120000477105 | 1 | 2.28 | N: стар фонд Дата: 01.01.1987 | Книги | |
| Изтеглен | Не е изгубен | Universal Decimal Classification | Не е повреден | без рестрикции | заемане за дома | 324641 | Регионална библиотека "Любен Каравелов" Русе | Регионална библиотека "Любен Каравелов" Русе | Заемна - подръчен фонд | 1987-01-01 | Заемна - подръчен фонд | 4.45 | 479614 | П 886.7-8/М 74 | 120000479614 | 2 | 2.28 | N: стар фонд Дата: 01.01.1987 Дата инв: 12.02.2018 Бележки инв: П2018 | Книги |
| Изтеглен | Не е изгубен | Universal Decimal Classification | Не е повреден | без рестрикции | заемане за дома | 324642 | Регионална библиотека "Любен Каравелов" Русе | Регионална библиотека "Любен Каравелов" Русе | Заемна - подръчен фонд | 1987-01-01 | Заемна - подръчен фонд | 4.45 | 479617 | П 886.7-8/М 74 | 479617 | 3 | 2.28 | N: стар фонд Дата: 01.01.1987 | Книги |